000 00884cpcaa2200241 4500
001 mm 79004253
003 DLC
005 20260227111645.0
008 790601|||||||||||| ger
010 _amm 79004253
040 _aDLC
_cDLC
_edacs
_dDLC
041 _ager
_aeng
072 7 _aW
_2lcmd
110 2 _aArtillery and Engineer School (Berlin, Germany)
245 0 0 _aFolio of the Artillery and Engineer School, Berlin, Germany,
_f1894-1895.
300 _a1
_fitem.
506 0 _aOpen to research.
533 _aIn part, typewritten transcript.
_b[S.l.].
546 _aCollection material in German, with English.
580 _aForms part of: Miscellaneous Manuscripts collection.
999 _c41463
_d41463